El triángulo del las bermudas / (Registro nro. 3268)
[ vista simple ]
| 000 -LEADER | |
|---|---|
| fixed length control field | 01197nam a2200265Ia 4500 |
| 003 - CONTROL NUMBER IDENTIFIER | |
| control field | OSt |
| 005 - DATE AND TIME OF LATEST TRANSACTION | |
| control field | 20200320133216.0 |
| 008 - FIXED-LENGTH DATA ELEMENTS--GENERAL INFORMATION | |
| fixed length control field | 191128s1977 ck ao gr 000 0dspa d |
| 040 ## - CATALOGING SOURCE | |
| Original cataloging agency | CO-JMCR |
| Transcribing agency | CO-JMCR |
| 041 ## - LANGUAGE CODE | |
| Language code of text/sound track or separate title | spa |
| Language code of original | eng |
| 082 04 - DEWEY DECIMAL CLASSIFICATION NUMBER | |
| Classification number | 001.94 / |
| Item number | B515t |
| 100 1# - MAIN ENTRY--PERSONAL NAME | |
| Personal name | Berlitz, Charles Frambach, |
| Relator term | autor |
| 9 (RLIN) | 1163 |
| 245 13 - TITLE STATEMENT | |
| Title | El triángulo del las bermudas / |
| Statement of responsibility, etc. | Frambach Berlitz Charles, autor ; traducción de José Cayuela |
| 260 ## - PUBLICATION, DISTRIBUTION, ETC. | |
| Place of publication, distribution, etc. | Bogotá : |
| Name of publisher, distributor, etc. | Pomaire, |
| Date of publication, distribution, etc. | 1977 |
| 300 ## - PHYSICAL DESCRIPTION | |
| Extent | 262 páginas : |
| Other physical details | ilustraciones, fotografías a blanco y negro ; |
| Dimensions | 21 cm. |
| 440 ## - SERIES STATEMENT/ADDED ENTRY--TITLE | |
| Title | Círculo de lectores |
| 9 (RLIN) | 1164 |
| 504 ## - BIBLIOGRAPHY, ETC. NOTE | |
| Bibliography, etc. note | Bibliografía: páginas 262-263. |
| 520 ## - SUMMARY, ETC. | |
| Summary, etc. | En su libro El triángulo de las Bermudas (1974), Berlitz relata varios casos de barcos y aviones desaparecidos. Ofrece un conjunto de explicaciones convencionales —dadas por la Guardia Costera de Estados Unidos y operadores de empresas de aviación o marin |
| 534 ## - ORIGINAL VERSION NOTE | |
| Introductory phrase | Titulo original: The Bermudas Triangle. |
| 546 1# - LANGUAGE NOTE | |
| Language note | Traducción del inglés. |
| 650 24 - SUBJECT ADDED ENTRY--TOPICAL TERM | |
| Topical term or geographic name entry element | Coaliciones aéreas |
| General subdivision | historia |
| 9 (RLIN) | 1165 |
| 650 24 - SUBJECT ADDED ENTRY--TOPICAL TERM | |
| Topical term or geographic name entry element | Triangulo de las bermudas |
| General subdivision | naufragios |
| 9 (RLIN) | 1166 |
| 700 1# - ADDED ENTRY--PERSONAL NAME | |
| Personal name | Cayuela, José, |
| Relator term | traductor |
| 9 (RLIN) | 1167 |
| 942 ## - ADDED ENTRY ELEMENTS (KOHA) | |
| Source of classification or shelving scheme | Dewey Decimal Classification |
| Koha item type | Books |
| Withdrawn status | Lost status | Source of classification or shelving scheme | Materials specified (bound volume or other part) | Damaged status | Not for loan | Home library | Current library | Date acquired | Total Checkouts | Full call number | Barcode | Date last seen | Copy number | Price effective from | Koha item type |
|---|---|---|---|---|---|---|---|---|---|---|---|---|---|---|---|
| Dewey Decimal Classification | Donación -- 16/02/2018 -- | Biblioteca Pública José María del Castillo y Rada | Biblioteca Pública José María del Castillo y Rada | 11/28/2019 | 001.94 / B515 | 201507005 | 05/16/2024 | Ej.1 | 11/28/2019 | Books |